Basic Marketing / A Global-Managerial Approach (Record no. 5728)
[ view plain ]
| 000 -LEADER | |
|---|---|
| fixed length control field | 01479cam a22002054a 4500 |
| 005 - ΗΜΕΡΟΜΗΝΙΑ ΚΑΙ ΩΡΑ ΤΕΛΕΥΤΑΙΑΣ ΕΝΗΜΕΡΩΣΗΣ | |
| Πεδίο ελέγχου | 20250605164220.0 |
| 008 - FIXED-LENGTH DATA ELEMENTS--GENERAL INFORMATION | |
| Πεδίο ελέγχου σταθερού μήκους | 250528s ||||||||||||||||||||||||d |
| 035 ## - SYSTEM CONTROL NUMBER | |
| System control number | 20639 |
| 020 ## - ISBN | |
| ISBN | 71158332 |
| 040 ## - ΠΗΓΗ ΚΑΤΑΛΟΓΟΓΡΑΦΗΣΗΣ | |
| Φορέας πρωτότυπης καταλογογράφησης | MC Athens Campus Library |
| Γλώσσα καταλογογράφησης | Ελληνικά, Μοντέρνα (1453-) |
| Modifying agency | MC Athens Campus Library |
| Κανόνες περιγραφικής καταλογογράφησης | AACR2 |
| 245 1# - ΤΙΤΛΟΣ ΚΑΙ ΔΗΛΩΣΗ ΥΠΕΥΘΥΝΟΤΗΤΑΣ | |
| Τίτλος | Basic Marketing / A Global-Managerial Approach |
| 260 ## - PUBLICATION, DISTRIBUTION, ETC. | |
| Name of publisher, distributor, etc. | Irwin Mcgraw-Hill, |
| Date of publication, distribution, etc. | 1999 |
| 300 ## - PHYSICAL DESCRIPTION | |
| Extent | 122 |
| 520 ## - SUMMARY, ETC. | |
| Summary, etc. | Marketing's Role in the Global Economy, Marketing's Role within the Firm or Nonprofit Organization, Focusing Marketing Strategy with Segmentation and Positioning, Evaluating Opportunities in the Changing Marketing Environment, Demographic Dimensions of Global Consumer Markets, Behavioral Dimensions of the Consumer Market, Business and Organizational Customers and Their Buying Behavior, Improving Decisions with Marketing Information, Elements of Product Planning for Goods and Services, Product Management and New-Product Development, Place and Development of Channel Systems, Distribution Customer Service and Logistics, Retailers and Wholesalers and Their Strategy Planning, Promotion and Introduction to Integrated Marketing Communications, Personal Selling, Advertising and Sales Promotion, Pricing Objectives and Policies, Price Setting in the Business World, Developing Innovative Marketing Plans, Appendices, Author and Subject Index. Includes CD-Rom. |
| 700 1# - ΠΡΟΣΘΕΤΗ ΑΝΑΓΡΑΦΗ--ΦΥΣΙΚΟ ΠΡΟΣΩΠΟ | |
| Personal name | Mccarthy Jerome E |
| 9 (RLIN) | 1979 |
| 700 1# - ΠΡΟΣΘΕΤΗ ΑΝΑΓΡΑΦΗ--ΦΥΣΙΚΟ ΠΡΟΣΩΠΟ | |
| Personal name | Perreault William D |
| 9 (RLIN) | 1980 |
| 942 ## - ADDED ENTRY ELEMENTS (KOHA) | |
| Koha item type | Books |
| Τύπος τεκμηρίου | Βιβλιοθήκη | Τρέχουσα τοποθεσία | Barcode | Αριθμός εισαγωγής | Ημερομηνία απόκτησης | Ταξιθετικό σύμβολο | Αριθμός αντιτύπου | Κατάσταση απόσυρσης | Κατάσταση χαμένου | Κατάσταση κατεστραμμένου | Μη δανεισμός | Σύνολο δανεισμών | Ημερομηνία τελευταίας εμφάνισης | Η τιμή ισχύει από |
|---|---|---|---|---|---|---|---|---|---|---|---|---|---|---|
| Books | MC Athens Campus Library | MC Athens Campus Library | 9780000057273 | 7234 | 05/06/2025 | 658.8 PER | 3 | 05/06/2025 | 05/06/2025 |